01573agaaa2200301 45000010005000000030009000050050017000140070009000310080040000400400023000800410013001031000045001161300015001612450179001762500022003552600113003773000034004905080229005245110091007535200086008445380009009305460013009396500069009527000066010217000057010877000059011447000068012030985IT-RoPAU20220918181223.0d cvaizq50131s9999||||xx ||| | || ||und|| aIT-RoPAUcIT-RoPAU aITALIANO aAngeli IvangCodice regista SPICS: 11291 aDON MILANI aDON MILANIcProdotto da: Paolinelli Bruno -- Sceneggiatura: Angeli I. Paolinelli B. Capponi P.P. -- Diretto da: Angeli IvanpDON MILANI (Rif. Codice opera principale : V0985) aEdizione Standard a(ITALIA)bSABA CINEMATOGRAFICA / Distribuzione: SPF FIRENZEg"1976 (1° ed.: 1993 ; Ed. Lingua Orig.: 1976)" a16MMbsonoro, col.c95 minuti a"Fotografia: D'Ettore Piazzoli Ro; Montaggio: Verdecchi Vincenzo; Musica: Alessandroni Alessandro; Sceneggiatura: Angeli I. Paolinelli B. Capponi P.P.; Scenografia: Patrono Carmelo; Soggetto: Angeli Ivan -- Paolinelli Bruno" a"Torricella Edoardo; Gora Claudio; Berti Marina; Pinciroli Renato; Giordano Mariangel" aFILM A COLORI. PELLICOLA IN BUONO STATO. PER TRAMA VEDI VIDEOCASSETTA:9960/26128. aMONO aITALIANO aBIOGRAFICOePELLICOLE CINEMA [16 MM]xCodice MATERIA SPICS: 9955 aAlessandroni Alessandroe(musica)gCodice Musica SPICS: 13760 aAngeli Ivan e(regista)gCodice regista SPICS: 11291 aAngeli Ivan e(soggetto)gCodice Soggetto SPICS: 11291 aPaolinelli Bruno e(soggetto)gCodice Soggetto 2° SPICS: 30482